Znany polski tenisista lub tenisistka - Statystyki

Ogólne statystyki
  • Ten quiz został rozwiązany 19 razy
  • Średni wynik to 3 z 5
Statystyki odpowiedzi
Hint Odpowiedź % Poprawnych
1. Iga Świątek
100%
3. Hubert Hurkacz
83%
2. Agnieszka Radwańska
72%
4. Wojciech Fibak
28%
5. Jerzy Janowicz
22%
Nie znaleziono quizów pasujących do podanych kryteriów
Rozkład punktacji
Procent ludzi z każdym wynikiem
Percentyl według liczby udzielonych odpowiedzi
Twoja historia wyników
Nie rozwiązałeś tego quizu